000
00303cam a22001097a 4500
008
180718b1968 xxu||||| |||| 00| 0 eng d
082
_a
N121903x54 In2b/1968
245
_a
The border security force bill, 1968
_c
by Lok Sabha
260
_a
New Delhi
_b
Lok Sabha
_c
1968
300
_a
48p.
700
_a
Lok Sabha
999
_c
493839
_d
493839